000 00593nam a2200193Ia 4500
003 GCL
008 140319s9999 xx 000 0 ara d
040 _aGCL /
_cGCL
082 0 4 _a253
_bش ن
100 1 _aشوقى اسماعيل شحاته
245 1 0 _aنظرية المحاسبة المالية من منظور اسلامى /
_cشوقى اسماعيل شحاته
260 _a[S.N] :
_bالزهراء للاعلام العربى ،
_c1987
300 _a296 ص
490 _a
650 0 4 _aالاسلام
650 0 4 _aالبيع
650 0 4 _aالمعاملات
942 _2ddc
_cBK
999 _c31451
_d31451